000 00619 a2200217 4500
005 20251003113329.0
020 _a9780435895983
050 _aPR 9390.9
_bMAR 1978
100 _aMarechera, Dambudzo
_eauthor
245 _aThe House of Hunger /
_cDambudzo Marechera
264 _aLondon :
_bHeinemann Educational,
_c1978
300 _a159 pages
336 _2rdacontent
_atext
_btxt
337 _2rdamedia
_aunmediated
_bn
338 _2rdacarrier
_avolume
_bnc
440 _aZPH Writers Series
500 _aNovel
650 _aHouse of hunger
651 _aZimbabwe -- Fiction
942 _2lcc
_cBK
_h9390.9
_iMAR
_kPR
999 _c11656
_d11656